Kompetentnosť podnikateľov - základ udržateľného rozvoja organizácie v novom miléniu

Gespeichert in:
Bibliographische Detailangaben
1. Verfasser: Porvazník, Ján
Format: Buchkapitel
Sprache:Slowakisch
Tags: Tag hinzufügen
Keine Tags, Fügen Sie das erste Tag hinzu!

MARC

LEADER 00000nla a2200000 4500
001 0176906
005 20240502073021.0
041 0 |a slo 
044 |a SK 
245 1 0 |a Kompetentnosť podnikateľov - základ udržateľného rozvoja organizácie v novom miléniu  |c Ján Porvazník 
100 1 |a Porvazník, Ján